000 01361nam2a22002771 4500
001 v19\rc\1947114
005 20250619215714.0
035 _a(NLR Aleph) 005053769
090 _a6922554
_c6922554
100 _a20080428d1913 |||y0rusy50 ca
101 1 _arus
_cfre
102 _aRU
105 _aa z |||||
200 1 _aСан-Феличе
_a[Капитан Поль
_fПер. "Б-ки для чтения"
215 _a488, 116 с.
_cил.
316 _aЭкз. РНБ (38.63.2.51): деф.: отсутствует 2-е произведение
_5NLR: 38.63.2.51
461 0 _1001v19\rc\1947092
_12001#$aПолное собрание романов Александра Дюма [отца]$fПод ред. П.В. Быкова. [Т. 1-24]$v[Т. 22]
_1700#1$3RU\NLR\AUTH\776853$7ca$aДюма$bА.$cотец$f1802-1870$gАлександр
_96004899
_aДюма, А. (отец ; 1802-1870)
_cСанкт-Петербург
_d[1913]
_fПод ред. П.В. Быкова. [Т. 1-24]
_nП.П. Сойкин
_p24 т.
_tПолное собрание романов Александра Дюма [отца]
_v[Т. 22]
540 1 _aКапитан Поль
801 0 _aRU
_bNLR
_gpsbo
801 1 _aRU
_bProSoft-M
_2rusmarc
852 _aNLR
_bМф
_jК-1/7463
852 _aNLR
_jЛ60 Б-3/102(22)
852 _aNLR
_j38.63.2.51(22)
942 _cBOOK
980 _aNB